Taras bulba y otros cuentos /

Guardado en:
Autor Principal: Gogol, Nicolai Vasilievisch
Formato: Libro
Publicado: Madrid : Club Internacional del Libro, 1998
Materias:
Etiquetas: Agregar Etiqueta
Sin Etiquetas, Sea el primero en etiquetar este registro!
LEADER 00590nam a22002055a 4500
001 CEM.cems016988
005 20101124163405.0
008 130507s1998##################000#0#####d
003 CEMS
020 |a 848265196X 
082 0 4 |a 891 
100 1 |a Gogol, Nicolai Vasilievisch 
245 1 0 |a Taras bulba y otros cuentos /  |c Nicolai Vasilievisch Gogol, 
260 |a Madrid :  |b Club Internacional del Libro,  |c 1998 
300 |a 199 p. 
653 |a Literatura ucraniana 
653 |a Novelas 
653 |a Literatura 
653 |a Narrativa 
859 |a CEMS  |b BIB. CEMS - Agricultura  |h 891  |i G557  |p A0155.00  |t Ej.1